Français et immigrés (Record no. 105982)

MARC details
000 -LEADER
campo de control de longitud fija 00728nam a2200217 i 4500
001 - NÚMERO DE CONTROL
campo de control 105982
003 - IDENTIFICADOR DE NÚMERO DE CONTROL
campo de control ES-MaACL
007 - CAMPO FIJO DE DESCRIPCIÓN FÍSICA--INFORMACIÓN GENERAL
campo de control de longitud fija t|
008 - DATOS DE LONGITUD FIJA--INFORMACIÓN GENERAL
campo de control de longitud fija 060919s1975 fr ||||1| fre d
080 ## - NÚMERO DE LA CLASIFICACIÓN DECIMAL UNIVERSAL
Número de la Clasificación Decimal Universal 329(44) P.C.F.
080 ## - NÚMERO DE LA CLASIFICACIÓN DECIMAL UNIVERSAL
Número de la Clasificación Decimal Universal 331-057.56(44)
100 1# - ENTRADA PRINCIPAL--NOMBRE DE PERSONA
Nombre de persona Vieuguet, André.
9 (RLIN) 114602
245 10 - MENCIÓN DEL TÍTULO
Título Français et immigrés
Resto del título : le combat du Parti communiste français /
Mención de responsabilidad, etc. André Vieuguet ; préface de Georges Marchais.
260 ## - PUBLICACIÓN, DISTRIBUCIÓN, ETC.
Lugar de publicación, distribución, etc. Paris :
Nombre del editor, distribuidor, etc. Editions Sociales,
Fecha de publicación, distribución, etc. [1975]
300 ## - DESCRIPCIÓN FÍSICA
Extensión 221 p. ;
Dimensiones 18 cm.
500 ## - NOTA GENERAL
Nota general Biblioteca Juan Andrade.
610 27 - PUNTO DE ACCESO ADICIONAL DE MATERIA--NOMBRE DE ENTIDAD CORPORATIVA
Nombre de entidad corporativa o nombre de jurisdicción como elemento de entrada Parti communiste français.
9 (RLIN) 6125
650 14 - PUNTO DE ACCESO ADICIONAL DE MATERIA--TÉRMINO DE MATERIA
Término de materia o nombre geográfico como elemento de entrada Trabajadores extranjeros-
Subdivisión geográfica Francia.
9 (RLIN) 17589
700 1# - ENTRADA AGREGADA--NOMBRE PERSONAL
Nombre de persona Marchais, Georges.
9 (RLIN) 76402
852 ## - LOCALIZACIÓN
Ubicación ES-MaACL
Número de control de estantería AND-913
Sublocalización o colección R.110201
Holdings
Estatus retirado Estado de pérdida Estado de daño No para préstamo Biblioteca de origen Biblioteca actual Ubicación en estantería Fecha de adquisición Fuente de adquisición Total de préstamos Signatura topográfica completa Código de barras Visto por última vez Precio de reemplazo Tipo de ítem Koha
        Biblioteca del Ateneo de Madrid Biblioteca del Ateneo de Madrid Depósito 2 17/01/2008     AND-913 1110644 23/02/2023 23/02/2023 Libro impreso